000 00625nam a2200241Ia 4500
003 OSt
005 20230525164329.0
008 210423s2010 xx 000 0 und d
020 _a978-0-07-066720-4
040 _cAL
041 _aeng
082 _a547
_223
_b SMIO
100 _aSMITH (Janice Gorzynski)
_9114367
245 _aOrganic Chemistry Ed 2
250 _a2
260 _aNew Delhi
_bTata McGraw-hill
_c2010
300 _axxxv,1175,A.18,C.2,I.34
_bPB
365 _b895
_cINR
650 _aChemistry
_9114368
650 _aOrganic Chemistry
_9114369
906 _aChemistry ; Ed ; Organic
942 _2ddc
_cBK
999 _c167444
_d167444